Normal view
MARC view
Entry Personal Name
001 - CONTROL NUMBER
- control field: 528361
003 - CONTROL NUMBER IDENTIFIER
- control field: OSt
005 - DATE AND TIME OF LATEST TRANSACTION
- control field: 20220930071401.0
008 - FIXED-LENGTH DATA ELEMENTS
- fixed length control field: 220930|| aca||aabn | a|a d
040 ## - CATALOGING SOURCE
- Original cataloging agency: OSt
- Transcribing agency: OSt
100 ## - HEADING--PERSONAL NAME
- Personal name: Renu Rajan
670 ## - SOURCE DATA FOUND
- Source citation: Work cat.: (OSt)862259: Renu Rajan, Adhunik hindustani shastriya sangeet ke prastutikaran mein prachin rag lakshano ki sambadhyata, 1993
